000 00683cam a22002053a 4500
001 43901
003 PGUSA
005 20140828084011.0
008 131006s2013||||xxu|||||s|||||000 | eng d
040 _aPGUSA
_beng
042 _adc
100 1 _aSévigné, Madame de
245 1 0 _aLettres de Madame de Sévigné :
_bPrécédées d'une Notice sur sa Vie et du Traité sur Le Style Épistolaire de Madame de Sévigné
_h[electronic resource] /
_cMadame de Sévigné
260 _bProject Gutenberg,
_c2013
506 _aPublic domain in the USA.
516 _aElectronic text
830 0 _aProject Gutenberg
_v43901
856 4 0 _uhttp://www.gutenberg.org/ebooks/43901
942 _cEB
999 _c273152
_d273152